00562nam a2200241Ia 450000500170000000800460001702000180006303700100008104000080009104000080009904000080010704100080011504100080012308400080013110000160013924500230015524500440017826000230022226000090024536500050025436500080025985600530026720260324123550.0008 260324s9999 xx 000 0 eng d a9781315564647 aEBOOK aCRL beng cCRL 2eng aeng qCRL aJohn Murphy 2aA Decent Provision 0bAustralian Welfare Policy, 1870 to 1949 bTaylor and Francis c2011 a b240 uhttp://www.taylorfrancis.com/books/9781315564647